Príspevok k problematike neolitického osídlenia záp. Slovenska

Bibliographic Details
Main Author: Chropovský, Bohuslav, 1926-2009 (Author)
Other Authors: Nieburová, Berta, 1919-2006 (Translator)
Format: Article
Language:Slovak

MARC

LEADER 00000nab a2200000 a 4500
001 vtls011130318
003 SK-MaSNL
005 20260303151149.0
008 230222|1958 xo |||||||||||||||||slo|
015 |a SNBRB 
035 |a (uuid)a03ab8a3-4a25-4f73-a01f-a0300a3944af 
035 |a (urnnbn)urn:nbn:sk:snk:ar-a09k3d 
035 |a urn:nbn:sk:snk-aba842 
040 |a SNKBUCL  |b slo  |c SNKBUCL  |e AACR2 
041 0 |a slo 
044 |a xo  |c SK 
100 1 |a Chropovský, Bohuslav,  |d 1926-2009  |4 aut  |9 73423 
245 1 0 |a Príspevok k problematike neolitického osídlenia záp. Slovenska  |c Bohuslav Chropovský, B. Nieburová 
700 1 |a Nieburová, Berta,  |d 1919-2006  |4 trl  |9 112145 
773 0 |t Slovenská archeológia  |g Roč. 6, č. 1 (1958), s. [21]-38 
954 |a odborná, vedecká literatúra pôvodná (slovenská)  |2 lita 
958 |a OND 
958 |a EUIPO 
958 |a article13 
999 |c 2016456  |d 2018386